000 01236cam a2200349 i 4500
001 3126
003 FISKH
005 20240207150642.0
008 780508s1978 ilua j 000 1 eng
010 _a 78003213
020 _a0695809644
020 _a0695409646 (lib. bdg.)
020 _a9780439341455
040 _aDLC
_cDLC
_dDLC
_beng
042 _alcac
050 0 0 _aPZ7.S1185
_bSi
082 0 0 _a[Fic]
100 1 _aSachar, Louis,
_d1954-
245 1 0 _aSideways stories from Wayside School :
_cLouis Sachar ; illustrated by Julie Brinckloe
_bAnything can happen in a school that was all mixed up the day it was built /
250 _aFirst Scholastic printing, September 2001
260 _aNew York :
_bScholastic,
_c1978
300 _a118 pages ;
_billustrations ;
_c20 cm
505 _aJ
520 _aHumorous episodes from the classroom on the thirtieth floor of Wayside School, which was accidentally built sideways with one classroom on each story.
521 8 _a460
_bLexile
521 8 _aJ
_bRaz-Plus
650 1 _aSchools
_xFiction.
650 1 _aHumorous stories.
700 _aBrinckloe, Julie
_eIllustrator
906 _a7
_bcbc
_corignew
_d1
_eocip
_f19
_gy-gencatlg
942 _2ddc
_cBK
_n0
999 _c3126
_d3126